000 00466nam a2200181Ia 4500
005 20240823005906.0
008 240823s9999||||xx |||||||||||||| ||und||
041 _aENGLISH
082 _A620.1123 N8
100 _aKhanna O P
245 2 _aA Textbook of Material Science and Metallurgy
250 _a1st
260 _c1998
_b"Dhanpat Rai,New Delhi"
500 _aYES
650 _aMaterials Science
_bAeronautical Engineering
942 _cBK
999 _c157030
_d157030